Statistiques concernant Traduction: le corps humain [fr -> en]

Cliquez ici pour prendre le quiz!

Statistiques générales

  • Ce quiz a été pris 45 fois
  • Le résultat moyen est 6 sur 10

Statistiques - réponses

Corps humanHuman body% Correct
62ChevilleAnkle
100%
51BicepsBiceps
100%
83SangBlood
100%
04JouesCheeks
100%
06OreilleEar
100%
07ŒilEye
100%
11VisageFace
100%
54DoigtFinger
100%
66Pied | PiedsFoot | Feet
100%
14CheveuxHair
100%
55MainHand
100%
36CœurHeart
100%
61JambeLeg
100%
19LèvresLips
100%
89MuscleMuscle
100%
18CouNeck
100%
20NezNose
100%
58EpauleShoulder
100%
72PeauSkin
100%
46EstomacStomach
100%
23LangueTongue
100%
24Dent | DentsTooth | Teeth
100%
49BrasArm
86%
27DosBack
86%
82OsBone
80%
17BoucheMouth
80%
48UtérusUterus
80%
76PoilHair
75%
68GenouxKnees
75%
69CuissesThighs
75%
71Ongles des orteilsToe nails
75%
28VentreBelly
67%
34ColonColon
67%
39FoieLiver
67%
40PoumonLung
67%
77Grain de beautéMole
67%
56OnglesNails
67%
41TétonNipple
67%
45SternumSternum
67%
93LarmeTear
67%
22GorgeThroat
67%
70OrteilsToes
67%
94VeineVein
67%
80RideWrinkle
67%
37HancheHip
63%
90NerfNerve
60%
32Poitrine (torse)Chest
57%
05MentonChin
57%
64FessesBottom | Behind | Buttocks | Butt
50%
52CoudeElbow
50%
08SourcilsEyebrow
50%
67TalonHeel
50%
86ArticulationJoint
50%
16MoustacheMustache
50%
21NarinesNostrils
50%
91SaliveSaliva
50%
65Mollet | MolletsCalf | Calves
43%
29NombrilBellybutton
40%
84GraisseFat
40%
92TranspirationSweat
40%
50AisselleArmpit
33%
02BarbeBeard
33%
53Avant-brasForearm
33%
75Tâches de rousseursFreckles
33%
35AineGroin
33%
15MâchoireJawline
33%
43CôtesRibs
33%
79BoutonSpot
33%
31Poitrine (seins)Breast
29%
60PoignetWrist
29%
30VessieBladder
25%
10PaupièreEyelid
25%
12FrontForehead
25%
63Plante du piedBall of foot
20%
59PouceThumb
20%
47TrachéeTrachea
20%
44TailleWaist
20%
85ChairFlesh
17%
13GenciveGum
11%
81ArtèreArtery
0%
73Grain de beautéBeauty spot
0%
03PommetteCheekbone
0%
33Os de la claviculeClavicle bone
0%
74EpidermeEpidermis
0%
09CilsEyelashes
0%
01TêteHead
0%
87LigamentLigament
0%
88MembreLimb
0%
38Bas du dosLower back
0%
57PaumePalms
0%
42Muscles pectorauxPectoral muscles
0%
78PorePore
0%
25CrâneSkull
0%
26TroncTorso
0%

Distribution des résultats

Percentile par nombre de réponses

% des personnes avec chaque résultat

Votre développement - résultats

Vous n’avez pas pris ce quiz